Antecedents of the American Bank Note Company of 1858 (Record no. 2790)
[ view plain ]
| 000 -LEADER | |
|---|---|
| fixed length control field | 00339nam a22000977a 4500 |
| 008 - FIXED-LENGTH DATA ELEMENTS--GENERAL INFORMATION | |
| fixed length control field | 180702b ||||| |||| 00| 0 eng d |
| 100 ## - MAIN ENTRY--AUTHOR'S NAME | |
| Author's Name | Rice, Foster |
| 245 ## - TITLE STATEMENT | |
| Title | Antecedents of the American Bank Note Company of 1858 |
| Remainder of title | Reprinted from Essay Proof Journal, Vol 18 #71/72 |
| 260 ## - PUBLICATION, DISTRIBUTION, ETC. (IMPRINT) | |
| Name of publisher, distributor, etc. | Essay Proof Journal |
| Date of publication, distribution, etc. | 1961 |
| 650 ## - TOPICAL TERM (Tag) | |
| Topical term or geographic name | Engravers | Essays | USA |
| Withdrawn status | Lost status | Source of classification or shelving scheme | Damaged status | Koha normalized classification for sorting | Not for loan | Permanent Location | Current Location | Shelving location | Date acquired | Total Checkouts | Total Holds | Full call number | Barcode | Date last seen | Copy number | Price effective from | Public note |
|---|---|---|---|---|---|---|---|---|---|---|---|---|---|---|---|---|---|
| G3701 E78 R495 | Northern Philatelic Library | Northern Philatelic Library | General Stacks | 07/02/2018 | G3701 E78 R495 | 1005174 | 07/02/2018 | 1 | 07/02/2018 | plus 3 pages of corrections |